<?xml version="1.0" encoding="UTF-8"?>
<record
    xmlns:xsi="http://www.w3.org/2001/XMLSchema-instance"
    xsi:schemaLocation="http://www.loc.gov/MARC21/slim http://www.loc.gov/standards/marcxml/schema/MARC21slim.xsd"
    xmlns="http://www.loc.gov/MARC21/slim">

  <leader>00900nam a22001817a 4500</leader>
  <controlfield tag="008">110802t1970    xxu||||g |||| 001 0 ara d</controlfield>
  <datafield tag="082" ind1=" " ind2=" ">
    <subfield code="2">22</subfield>
    <subfield code="a">621.319</subfield>
    <subfield code="b">&#x62C; &#x631; &#x627; </subfield>
  </datafield>
  <datafield tag="100" ind1=" " ind2=" ">
    <subfield code="9">26531</subfield>
    <subfield code="a">&#x62C;&#x631;&#x627;&#x641;&#x60C;&#x647;&#x627;&#x64A;&#x646;&#x632;</subfield>
  </datafield>
  <datafield tag="245" ind1=" " ind2=" ">
    <subfield code="a">&#x627;&#x644;&#x623;&#x633;&#x633; &#x627;&#x644;&#x62A;&#x643;&#x646;&#x648;&#x644;&#x648;&#x62C;&#x64A;&#x629;:</subfield>
    <subfield code="b">&#x627;&#x644;&#x62A;&#x631;&#x643;&#x64A;&#x628;&#x627;&#x62A; &#x627;&#x644;&#x643;&#x647;&#x631;&#x628;&#x627;&#x626;&#x64A;&#x629;/</subfield>
    <subfield code="c">&#x62A;&#x623;&#x644;&#x64A;&#x641; &#x647;&#x627;&#x64A;&#x646;&#x632; &#x62C;&#x631;&#x627;&#x641;&#x61B;&#x62A;&#x631;&#x62C;&#x645;&#x629; &#x627;&#x645;&#x64A;&#x646; &#x627;&#x62D;&#x645;&#x62F; &#x642;&#x627;&#x633;&#x645;</subfield>
  </datafield>
  <datafield tag="260" ind1=" " ind2=" ">
    <subfield code="a">&#x623;&#x644;&#x645;&#x627;&#x646;&#x646;&#x64A;&#x627;:</subfield>
    <subfield code="b">&#x627;&#x62F;&#x627;&#x631;&#x629; &#x627;&#x644;&#x623;&#x647;&#x631;&#x627;&#x645; &#x62F;&#x627;&#x631; &#x627;&#x644;&#x646;&#x634;&#x631; &#x648; &#x627;&#x644;&#x62A;&#x648;&#x632;&#x64A;&#x639; &#x641;&#x649; &#x644;&#x627;&#x64A;&#x646;&#x632;&#x63A;&#x60C;1970.</subfield>
    <subfield code="c">1970.</subfield>
  </datafield>
  <datafield tag="300" ind1=" " ind2=" ">
    <subfield code="a">183&#x635;&#x60C;</subfield>
    <subfield code="c">24&#x633;&#x645;</subfield>
  </datafield>
  <datafield tag="650" ind1=" " ind2=" ">
    <subfield code="9">26534</subfield>
    <subfield code="a">&#x627;&#x644;&#x643;&#x647;&#x631;&#x628;&#x627;&#x621;</subfield>
    <subfield code="x">&#x62A;&#x648;&#x632;&#x64A;&#x639;</subfield>
  </datafield>
  <datafield tag="650" ind1=" " ind2=" ">
    <subfield code="9">26535</subfield>
    <subfield code="a">&#x627;&#x644;&#x623;&#x633;&#x644;&#x627;&#x643; &#x627;&#x644;&#x643;&#x647;&#x631;&#x628;&#x627;&#x626;&#x64A;&#x629;</subfield>
  </datafield>
  <datafield tag="653" ind1=" " ind2=" ">
    <subfield code="b">General</subfield>
    <subfield code="c">August2011</subfield>
  </datafield>
  <datafield tag="700" ind1=" " ind2=" ">
    <subfield code="9">26532</subfield>
    <subfield code="a">&#x642;&#x627;&#x633;&#x645;&#x60C;&#x627;&#x645;&#x64A;&#x646; &#x627;&#x62D;&#x645;&#x62F;</subfield>
    <subfield code="c">&#x645;&#x62A;&#x631;&#x62C;&#x645;</subfield>
  </datafield>
  <datafield tag="942" ind1=" " ind2=" ">
    <subfield code="2">ddc</subfield>
    <subfield code="c">BB</subfield>
  </datafield>
  <datafield tag="999" ind1=" " ind2=" ">
    <subfield code="c">15774</subfield>
    <subfield code="d">15774</subfield>
  </datafield>
  <datafield tag="952" ind1=" " ind2=" ">
    <subfield code="0">0</subfield>
    <subfield code="1">0</subfield>
    <subfield code="2">ddc</subfield>
    <subfield code="4">0</subfield>
    <subfield code="7">0</subfield>
    <subfield code="8"> </subfield>
    <subfield code="a">MAIN</subfield>
    <subfield code="b">MAIN</subfield>
    <subfield code="c">1ST</subfield>
    <subfield code="d">2011-08-02</subfield>
    <subfield code="e">Donation</subfield>
    <subfield code="o">621.319 &#x62C; &#x631; &#x627;</subfield>
    <subfield code="p">000023025</subfield>
    <subfield code="r">2025-07-15 00:00:00</subfield>
    <subfield code="y">BB</subfield>
  </datafield>
</record>
